00490 a2200157 450000500170000002000180001708200220003510000220005724500260007925000140010526000470011930000570016670000810022394200130030499900150031720250603074158.0 a0-471-14063-5 aLECT 657.45 O'RE  aO'REILLY, V. M.  aMontgomery's Auditing a12th Ed.  aCanada, bJohn Wiley & Sons, Inc., c1998. axlii, 1265p.: ill.; figure, table. bIndex, c26cm.  aMcDONNELL, P. J. & WINOGRAD, B. N. & GERSON, J. S. & JAENICKE, H. R.  2ddccBKS c3070d3070